|
|
|
|
| LEADER |
00000cam a2200000 7i4500 |
| 001 |
0000005818 |
| 005 |
20220610.0 |
| 020 |
|
|
|a 0728202018
|
| 040 |
|
|
|a INS
|
| 090 |
0 |
0 |
|a KD173.E6
|b D46 1994
|
| 100 |
1 |
|
|a Denyer, Green, Barry
|
| 245 |
1 |
0 |
|a Compulsory purchase and compensation
|c Barry Denyer - Green
|
| 250 |
|
|
|a Fourth edition
|
| 260 |
|
|
|a London :
|b Estates Gazettes ,
|c 1994
|
| 300 |
|
|
|a xxxiv, 332page :
|b illustrations ;
|c 21 cm.
|
| 336 |
|
|
|a text
|2 rdacontent
|
| 337 |
|
|
|a unmediated
|2 rdamedia
|
| 338 |
|
|
|a volume
|2 rdacarrier
|
| 650 |
|
0 |
|a Compensation (Law)
|z Great Britain
|
| 650 |
|
0 |
|a Compulsory purchase and compensation
|
| 650 |
|
0 |
|a Eminent domain
|z Great Britain
|x Compensation(Law)
|
| 999 |
|
|
|a 0000007012
|b BOOK
|c Open Shelf
|e Default branch
|
| 999 |
|
|
|a 0000007276
|b BOOK
|c Open Shelf
|e Default branch
|
| 999 |
|
|
|a 0000007323
|b BOOK
|c Open Shelf
|e Default branch
|